| 000 | 00817nam a22002297a 4500 | ||
|---|---|---|---|
| 003 | LK-CoDNM | ||
| 005 | 20241008120614.0 | ||
| 008 | 241008b |||||||| |||| 00| 0 eng d | ||
| 040 |
_aLK-CoDNM _dLK-CoDNM _eLK-CoDNM |
||
| 041 | _asin | ||
| 080 |
_a105 _bB7 |
||
| 100 | _aදුමින්ද ප්රසාද් අබේසිංහ | ||
| 245 | _aආනුභාව සම්පන්න බෝධි පූජා | ||
| 260 |
_aකොළඹ _bවිජය මුද්රණාලය _c2002 |
||
| 300 | _b24p. ; 20 cm | ||
| 650 | _aආනුභාව සම්පන්න බෝධි පූජා | ||
| 650 | _aදුමින්ද ප්රසාද් අබේසිංහ | ||
| 650 | _aවිජය මුද්රණාලය | ||
| 650 | _a2002 | ||
| 650 | _a105 B7 | ||
| 942 | _cBK | ||
| 999 |
_c218346 _d218346 |
||